| 000 | 00542nam a2200181 i 4500 | ||
|---|---|---|---|
| 001 | bg | ||
| 100 | 1 | _aBAUMAN, Danuta | |
| 245 | 0 |
_aZastosowanie orientujących własności ciekłych kryształów / _cD. Bauman, Z. Salamon. |
|
| 260 |
_aPoznań, _c1984. |
||
| 490 | 1 |
_aRozprawy / Politechnika Poznańska, _x0551-6528 ; _vnr 149 |
|
| 700 | 1 | _aSALAMON, Zdzisław | |
| 830 | 0 |
_aRozprawy (Politechnika Poznańska) ; _vnr 149 |
|
| 040 | _cBPK | ||
| 041 | _apol | ||
| 080 | _a532.78 | ||
| 942 | _cKS | ||
| 008 | s pl f |000 0 pol | ||
| 999 |
_c28009 _d28009 |
||
| 856 |
_uhttp://koha.tu.koszalin.pl/cgi-bin/koha/opac-detail.pl?biblionumber=28009 _yKatalog online BPK |
||